000 00520 a2200181 4500
003 OSt
005 20250425132718.0
008 240205b |||||||| |||| 00| 0 eng d
020 _a9789385269486
040 _cOCLC
082 _a791.430943
_bTHE/G
100 _aTheruvapuzha, Sajan
_97926
245 _aGerman Cinema /
_cSajan Theruvapuzha
250 _a1st ed.
260 _aKOZHOKODE:
_bOLIVE PUBLISHERS,
_c2015.
300 _a273P.
942 _2ddc
_cBK
_h791.430943
_iTHE/G
_k791.430943
_mTHE/G
999 _c44294
_d44294